| 000 | 00726nam a2200229 a 4500 | ||
|---|---|---|---|
| 999 |
_c9720 _d9720 |
||
| 001 | 9720 | ||
| 003 | BD-JhCC | ||
| 005 | 20180322185117.0 | ||
| 008 | 180322s19781999bg |||| ||a| 000 0 b d | ||
| 020 | _a9845600646 | ||
| 035 | _a(BD-JhCC)9720 | ||
| 040 |
_aBD-JhCC _dBD-JhCC |
||
| 041 | _aben | ||
| 082 |
_a320.47 _bUMR 1999 |
||
| 100 | _aউমর, বদরুদ্দীন | ||
| 245 |
_aভাষা আন্দোলন ও অন্যান্য প্রসঙ্গ / _cউমর বদরুদ্দীন |
||
| 260 |
_aঢাকা: _bজাতীয় গ্রন্থ প্রকাশন; _c1999. |
||
| 300 |
_a79 p. : _c21 cm. |
||
| 651 | _aLangguage Movement | ||
| 942 |
_2ddc _cBK |
||